| 000 | 005680000a22001930004500 | ||
|---|---|---|---|
| 001 | 002645 | ||
| 003 | MACL | ||
| 005 | 20150804165653.0 | ||
| 008 | 150804b xxu||||| |||| 00| 0 eng d | ||
| 040 |
_aMACL _cMACL |
||
| 041 | _aEnglish | ||
| 082 | _a370/CHA | ||
| 100 |
_aChathley, Y.P. _94765 |
||
| 245 |
_aEducation Population and Development _bA Regional Perspective of North West India _cY.P. Chathley |
||
| 260 |
_aNew Delhi _c1995 _bCenter for Research in Rural and Industrial Development, |
||
| 350 | _a575 | ||
| 650 |
_aEducation _94766 |
||
| 942 |
_k370 _cBK _2ddc |
||
| 999 |
_c14554 _d14554 |
||